The leader : A new face for American management

Na minha lista:
Detalhes bibliográficos
Autor principal: Maccoby, Michael
Formato: Livro
Idioma:Undetermined
Publicado em: New York Simon and Schuster 1981
Assuntos:
Tags: Adicionar Tag
Sem tags, seja o primeiro a adicionar uma tag!
Thư viện lưu trữ: Trung tâm Học liệu Trường Đại học Cần Thơ
LEADER 00537nam a2200193Ia 4500
001 CTU_88571
008 210402s9999 xx 000 0 und d
082 |a 658.4 
082 |b M129 
100 |a Maccoby, Michael 
245 4 |a The leader : 
245 2 |b A new face for American management 
245 0 |c Michael Maccoby 
260 |a New York 
260 |b Simon and Schuster 
260 |c 1981 
650 |a Leadership,Organizational effectiveness 
904 |i Giang,Hải 
980 |a Trung tâm Học liệu Trường Đại học Cần Thơ